Sports Quiz

Random Sports Quiz

2010 Twins Lineup Quiz Stats

Quiz not verified by Sporcle

Challenge
Share
Tweet
Embed
Score 0/10 Timer 03:00
0 Plays Today
Position Player % Correct
CJoe Mauer
100%
1BJustin Morneau
98.1%
RFMichael Cuddyer
89.3%
DHJason Kubel
88.3%
PScott Baker
85.4%
CFDenard Span
85.4%
3BNick Punto
81.6%
LFDelmon Young
81.6%
2BOrlando Hudson
80.6%
SSJ.J. Hardy
77.7%

You're not logged in!

Compare scores with friends on all Sporcle quizzes.
Join for Free
OR
Log In

You Might Also Like...

Show Comments

Extras

Created Apr 15, 2010ReportNominate
Tags:2010, lineup, starter, twins

Top Quizzes Today


Score Distribution

Your Account Isn't Verified!

In order to create a playlist on Sporcle, you need to verify the email address you used during registration. Go to your Sporcle Settings to finish the process.

Report this User

Report this user for behavior that violates our Community Guidelines.

Details: